000 00749nam a2200229 i 4500
001 147983
003 ES-MaACL
005 20240508161956.0
007 t|
008 070214s1980 sp r ||||1| spa d
100 1 _aSpitzer, Leo.
_9107772
245 1 0 _aEstilo y estructura en la literatura española /
_cLeo Spitzer ; introducción de Fernando Lázaro Carreter.
260 _aBarcelona :
_bCrítica,
_c1980.
300 _a338 p. ;
_c20 cm.
490 1 _aFilología ;
_v7
504 _aBibliografía.
650 0 4 _aLiteratura española-
_xComentario de textos.
_914556
700 1 _aLázaro Carreter, Fernando,
_d1923-2004
_970798
830 0 _aFilología ;
_v7
_9178827
852 _aES-MaACL
_jC-8399
_bR.100206
999 _c147983
_d147983